000 00251nam a2200109Ia 4500
008 230907s9999||||xx |||||||||||||| ||und||
082 _a621.042
_bHUG
100 _aHuggins, Robert A.
245 0 _aEnergy storage :
300 _apages cm
942 _cBK
999 _c597855
_d597855